| 000 | 00578nam a2200205Ia 4500 | ||
|---|---|---|---|
| 008 | 241004s9999 xx 000 0 und d | ||
| 020 | _a9781473999084 | ||
| 037 | _aTextbook | ||
| 040 |
_aARTS _beng _cARTS |
||
| 041 |
_aeng _2eng |
||
| 084 |
_aS:f R2 _qARTS |
||
| 100 |
_aBanyard Philip Ed. _9443119 |
||
| 245 |
_aEssential research methods in psychology _cBanyard Philip Ed. |
||
| 260 |
_aUSA _bLos Angeles Sage _c2020 |
||
| 300 | _axvi,322p. | ||
| 365 |
_aUKP _b34.99 |
||
| 650 | _aPsychology Research | ||
| 942 |
_cTB _hS:f R2 |
||
| 999 |
_c1218789 _d1218789 |
||